A very short, fairly interesting and reasonably cheap book about managing (Record no. 61289)

MARC details
000 -LEADER
fixed length control field 00602nam a2200157 a 4500
008 - FIXED-LENGTH DATA ELEMENTS--GENERAL INFORMATION
fixed length control field 150618s2009 ||||||||||||||||| || u
020 ## - INTERNATIONAL STANDARD BOOK NUMBER
International Standard Book Number 9781412935470
050 ## - LIBRARY OF CONGRESS CALL NUMBER
Classification number HF 5549 Cun
100 ## - MAIN ENTRY--PERSONAL NAME
Personal name Cunliffe, Ann L
245 12 - TITLE STATEMENT
Title A very short, fairly interesting and reasonably cheap book about managing
Statement of responsibility, etc. by Ann L. Cuncliffe
260 ## - PUBLICATION, DISTRIBUTION, ETC.
Place of publication, distribution, etc. Los Angeles
Name of publisher, distributor, etc. SAGE Publications
Date of publication, distribution, etc. 2009
300 ## - PHYSICAL DESCRIPTION
Extent x, 156p.
350 ## - PRICE (NR) (BK AM CF MU VM SE) [OBSOLETE]
Price 33.00
650 #0 - SUBJECT ADDED ENTRY--TOPICAL TERM
Topical term or geographic name entry element MANAGEMENT
995 ## - RECOMMENDATION 995 [LOCAL, UNIMARC FRANCE]
-- CBU-MAIN LIBRARY (Kitwe)
-- 33.00
-- 1
-- AVAILABLE
-- Sep 7, 2015
-- Main Library Open Access Collection
Holdings
Withdrawn status Lost status Source of classification or shelving scheme Damaged status Not for loan Home library Current library Shelving location Date acquired Total Checkouts Full call number Barcode Date last seen Price effective from Koha item type
          CBU-MAIN LIBRARY, KITWE. CBU-MAIN LIBRARY, KITWE.   11/30/2022   HF 5549 Cun 745541 11/30/2022 11/30/2022 MONOGRAPH